• 首页
  • 本馆介绍
  • 公告通知
  • 最新文献
  • 馆藏检索
  • 电子资源
  • 读者导购
  • 参考咨询
  • 我的图书馆
  • 登录
  • 详细信息显示
  • 放入我的书架
  • 预约/预借图书
  • 作者相关作品
  • 分类相关作品
  • 丛书相关作品
  • 出版社相关作品

书目信息

  • 表格格式
  • 工作单格式
  • 卡片格式
题名:
容斋随笔
    
 
作者: 洪迈 著
分册:  
出版信息: 西安   陕西旅游出版社  2003
页数: 216页
开本: 19cm
丛书名: 中国传统文化经典文库
单 册:
中图分类: Z429.442 , Z1
科图分类:
主题词: 随笔--中国--南宋--选集 , 随笔 , 丛书
电子资源:
ISBN: 7-5418-1948-4
000 00879oam2 2200289 450
001 1556319145
005 20151110144225.03
010    @a7-5418-1948-4@dCNY10.00
100    @a20030618d2003 em y0chiy50 ea
101 0  @achi
102    @aCN@b610000
105    @aa z 000yy
200 1  @a容斋随笔@9rong zhai sui bi@e珍藏版@f(宋)洪迈著
210    @a西安@c陕西旅游出版社@d2003
215    @a216页@c图@d19cm
225 2  @a中国传统文化经典文库@e双色图文经典
308    @a丛书第二辑
330    @a本书包括唐平蛮碑、唐重牡丹、张良无后、单于朝汉、南夷服诸葛、汉唐八相等文章,每篇文章都编有原文和译文。
461  0 @12001 @a中国传统文化经典文库
606 0  @a随笔@y中国@z南宋@j选集
606 0  @a随笔
606 0  @a丛书
690    @aZ429.442@v5
690    @aZ1@v4
701  0 @c(宋)@a洪迈@9hong mai@f(1123~1202)@4著
801  0 @aCN@bTSSF@c20150123
905    @aZUCC@dZ1@eJY84
    
    容斋随笔:珍藏版/(宋)洪迈著.-西安:陕西旅游出版社,2003
    216页:图;19cm.-(中国传统文化经典文库:双色图文经典)
    
    
    ISBN 7-5418-1948-4:CNY10.00
    本书包括唐平蛮碑、唐重牡丹、张良无后、单于朝汉、南夷服诸葛、汉唐八相等文章,每篇文章都编有原文和译文。
●
相关链接 在E读中查询图书 在五车中查询图书 在当当中查询图书 在豆瓣中查询图书


正题名:容斋随笔     索取号:Z1/JY84         预约/预借

序号 登录号 条形码 馆藏地/架位号 状态 备注
1 7839606   278396068   学院路分馆/ [索取号:Z1/JY84] 在馆    
2 7839607   278396077   学院路分馆/ [索取号:Z1/JY84] 在馆    
3 7839608   278396086   学院路分馆/ [索取号:Z1/JY84] 在馆    
4 7839609   278396095   学院路分馆/ [索取号:Z1/JY84] 在馆    
唐山师范学院图书馆 欢迎您!
大连网信软件有限公司© 版权所有